Evangelium podle Marka /

Hlavní autor: MacDonald, William, 1917-2007
Jazyk: Čeština
Vydáno: Ostrava : A-Alef, 2008
Vydání: Vyd. 1.
Edice: Emauské korespondenční kurzy
Témata:
Externí odkaz: Digitalizovaný dokument
Fyzický popis: 104 s. ; 21 cm
Knihy
Uloženo v:
LEADER 02236nam a2200625 a 4500
001 nkc20081828909
003 CZ PrNK
005 20090611094607.0
007 ta
008 081105s2008 xr e p 000 0dcze
015 |a cnb001828909 
020 |a 978-80-86509-96-9  |q (brož.) 
035 |a (OCoLC)320204573 
040 |a OLA001  |b cze 
041 1 |a cze  |h slo  |h eng 
072 7 |a 2-23/-27  |x Bible. Biblistika  |2 Konspekt  |9 5 
072 7 |a 37.016  |x Učební osnovy. Vyučovací předměty. Učebnice  |2 Konspekt  |9 22 
080 |a 27-247.6  |2 MRF 
080 |a 27-277.2  |2 MRF 
080 |a 27-277  |2 MRF 
080 |a 27-4  |2 MRF 
080 |a 274/278-1/-9  |2 MRF 
080 |a (07)  |2 MRF 
080 |a (079.1)  |2 MRF 
100 1 |a MacDonald, William,  |d 1917-2007  |7 mzk2006343353  |4 aut 
245 1 0 |a Evangelium podle Marka /  |c William MacDonald ; [přeložila Ema Kubienová] 
250 |a Vyd. 1. 
260 |a Ostrava :  |b A-Alef,  |c 2008 
300 |a 104 s. ;  |c 21 cm 
490 1 |a Emauské korespondenční kurzy 
500 |a Přeloženo ze slovenského vydání anglického originálu 
630 0 7 |a Bible.  |p Marek  |7 unn2006374699  |2 czenas 
630 0 9 |a Bible.  |p Mark  |2 eczenas 
650 0 7 |a biblická exegeze  |7 ph118844  |2 czenas 
650 0 7 |a biblické studium  |7 ph118859  |2 czenas 
650 0 7 |a biblické citáty  |7 ph118853  |2 czenas 
650 0 7 |a křesťanský život  |7 ph122132  |2 czenas 
650 0 7 |a protestantské učení  |7 ph307587  |2 czenas 
650 0 9 |a Biblical exegesis  |2 eczenas 
650 0 9 |a studying the Bible  |2 eczenas 
650 0 9 |a Biblical quotations  |2 eczenas 
650 0 9 |a Christian life  |2 eczenas 
650 0 9 |a Protestant doctrine  |2 eczenas 
655 7 |a učební texty  |7 fd133599  |2 czenas 
655 7 |a testy  |7 fd133697  |2 czenas 
655 9 |a educational texts  |2 eczenas 
655 9 |a tests  |2 eczenas 
765 0 |t Gospel of Mark  |9 Česky 
830 0 |a Emauské korespondenční kurzy  |0 s 
856 4 1 |u http://www.digitalniknihovna.cz/mzk/uuid/uuid:a21f2600-c3c9-11e3-b110-005056827e51  |y Digitalizovaný dokument  |x NDK 
910 2 |a BOA001  |b 2-1221.383 
990 |a BK 
995 |a 01 
991 |b 200904  |c NOV 
996 6 |b 2610374133  |c 2-1221.383  |l MZK  |r Sklad / do 1 hodiny  |n 0  |p p.v.  |w 000934806  |u 000010  |a 1  |e BOA001  |j MZK50  |s P